First amendment: disconnecting dial-a-porn : section 223 (b) 's two pronged challenge to first amendment rights

Saved in:  
Bibliographic Details
Main Author: Rubens, Suzanne D. (Author)
Format: Print Article
Language:English
Published: 1990
In: The journal of criminal law and criminology
Year: 1990, Volume: 80, Issue: 4, Pages: 968-995
Check availability: HBZ Gateway
Keywords:

MARC

LEADER 00000caa a2200000 c 4500
001 1635991633
003 DE-627
005 20220608110851.0
007 tu
008 140207s1990 xx ||||| 00| ||eng c
035 |a (DE-627)1635991633 
035 |a (DE-576)400849488 
035 |a (DE-599)BSZ400849488 
040 |a DE-627  |b ger  |c DE-627  |e rakwb 
041 |a eng 
100 1 |a Rubens, Suzanne D.  |4 aut 
245 1 0 |a First amendment  |b disconnecting dial-a-porn : section 223 (b) 's two pronged challenge to first amendment rights  |c Suzanne D. Rubens 
264 1 |c 1990 
336 |a Text  |b txt  |2 rdacontent 
337 |a ohne Hilfsmittel zu benutzen  |b n  |2 rdamedia 
338 |a Band  |b nc  |2 rdacarrier 
773 0 8 |i In  |t The journal of criminal law and criminology  |d Chicago, Ill. : Northwestern University Pritzker School of Law, 1931  |g 80(1990), 4, Seite 968-995  |w (DE-627)129545813  |w (DE-600)218239-7  |w (DE-576)014996103  |x 0091-4169  |7 nnas 
773 1 8 |g volume:80  |g year:1990  |g number:4  |g pages:968-995 
951 |a AR 
ELC |b 1 
LOK |0 000 xxxxxcx a22 zn 4500 
LOK |0 001 329291017X 
LOK |0 003 DE-627 
LOK |0 004 1635991633 
LOK |0 005 20250804121008 
LOK |0 008 140207||||||||||||||||ger||||||| 
LOK |0 040   |a DE-21-110  |c DE-627  |d DE-21-110 
LOK |0 689   |a s  |a Telefonsex 
LOK |0 852   |a DE-21-110 
LOK |0 852 1  |m p  |9 00 
LOK |0 935   |a k110 
LOK |0 938   |k p 
LOK |0 939   |a 07-02-14  |b l01 
ORI |a SA-MARC-krimdoka001.raw